Comment persuader les autres dans toutes les situations / (Record no. 94653)

MARC details
000 -LEADER
campo de control de longitud fija 01167cam a2200265 i 4500
001 - NÚMERO DE CONTROL
campo de control 118031
005 - FECHA Y HORA DE LA ÚLTIMA TRANSACCIÓN
campo de control 20230410142359.0
008 - DATOS DE LONGITUD FIJA--INFORMACIÓN GENERAL
campo de control de longitud fija 140923s2012 fr r 000 0 fre d
020 ## - NÚMERO INTERNACIONAL ESTÁNDAR DEL LIBRO
Número Internacional Estándar del Libro 9782848995571
041 0# - CÓDIGO DE IDIOMA
Código de lengua del texto/banda sonora o título independiente fre
050 14 - SIGNATURA TOPOGRÁFICA DE LA BIBLIOTECA DEL CONGRESO
Número de clasificación
Número de ítem H567 2012
100 1# - ENTRADA PRINCIPAL--NOMBRE DE PERSONA
Nombre de persona Herring, Jonathan
245 10 - MENCIÓN DEL TÍTULO
Título Comment persuader les autres dans toutes les situations /
Mención de responsabilidad, etc. Jonathan Herring
260 ## - PUBLICACIÓN, DISTRIBUCIÓN, ETC.
Lugar de publicación, distribución, etc. France :
Nombre del editor, distribuidor, etc. Leduc.S ,
Fecha de publicación, distribución, etc. 2012
300 ## - DESCRIPCIÓN FÍSICA
Extensión 1 vol. (233 p.) :
Otras características físicas 23 cm.
490 1# - MENCIÓN DE SERIE
Mención de serie Zen business
505 0# - NOTA DE CONTENIDO CON FORMATO
Nota de contenido con formato P. 1. Les 10 Règles D' or -- P. 2. Les Cas De Conflits Les Plus Courants
520 ## - RESUMEN, ETC.
Sumario, etc. Savoir partager votre point de vue est fondamental si vous souhaitez être respecté et percu comme une personne dont l' avis mérite d' être entendu mais hausser le ton ou imposer sa volonté n' est jamais une bonne stratégie. Grâce à ce guide, vous réussirez à convaincre tout en améliorant vous relations avec les autres. Car ce n' est pas contradictoire.
650 #0 - PUNTO DE ACCESO ADICIONAL DE MATERIA--TÉRMINO DE MATERIA
Término de materia o nombre geográfico como elemento de entrada Communication interpersonnelle.
650 #0 - PUNTO DE ACCESO ADICIONAL DE MATERIA--TÉRMINO DE MATERIA
Término de materia o nombre geográfico como elemento de entrada Persuasion (psychologie)
650 #0 - PUNTO DE ACCESO ADICIONAL DE MATERIA--TÉRMINO DE MATERIA
Término de materia o nombre geográfico como elemento de entrada Communication dans les organisations.
700 1# - ENTRADA AGREGADA--NOMBRE PERSONAL
Nombre de persona H. Paget, Jacques
942 ## - ELEMENTOS DE ENTRADA SECUNDARIOS (KOHA)
Fuente del sistema de clasificación o colocación Clasificación de Library of Congress
Tipo de ítem Koha
946 ## - PROCESAMIENTO DE INFORMACIÓN LOCAL (OCLC)
a IMRO
Holdings
Estatus retirado Estado de pérdida Fuente del sistema de clasificación o colocación Estado de daño No para préstamo Colección Biblioteca de origen Biblioteca actual Ubicación en estantería Fecha de adquisición Signatura topográfica completa Código de barras Visto por última vez Copia número Tipo de ítem Koha
    Clasificación de Library of Congress     Oficina Leonel Fernández Biblioteca Juan Bosch Biblioteca Juan Bosch Colección 6to. Piso 10/04/2023 H567 2012 00000111141 17/11/2018 1